1547 1946 1245 1421 1797 1148 1555 1255 1975 1653 1253 1981 1016 1890 1398 1253 1914 1804 1970 1911 1400 1262 1426 1057 1529 1005 1499 1540 1914 1503 1272 1256 1955 1344 1283 1691 1314 1640 1470 1140 1408 1780 1130 1422 1750 1355 1682 1206 1670 1561 1805 1637 1204 1859 1974 1672 1144 1288 1772 1318 1636 1543 1284 1954 1300 1908 1766 1223 1821 1643 1080 1175 1767 1500 1174 1059 1492 1127 1352 1731 1595 1757 1182 1329 1061 1798 1287 1368 1436 1593 1686 1420 1255 1955 1628 1259 1324 1583 1996 BCNSPRNW ULIB Ver.6.0+V

เปลี่ยนเป็นภาษาไทย

Change to English
 แสดงรายละเอียดบรรณานุกรม
  กลับหน้าหลัก

Brief Record : Get Marc (ISO 2709) : E-mail record : QR code < ปิดหน้าต่าง
LEADER : 00000nam 2200000uu 4500
001    13399128051
003     ULIB
008    220202s2563||||th 000 0 tha d
020 ^  ^a9786160839032
050 ^  ^aนว^bณ44พ
100 0  ^aณรียา.
245 1  ^aเพ็ญนทีธาร : MOON River /^cณรียา.
260 ^  ^aกรุงเทพฯ :^bซีเอ็ดยูเคชั่น,^c2563.
300 ^  ^a431 หน้า ;^c21 ซม.
650 ^  ^aนวนิยาย
945    ^p350^l0^i29196
999    ^aกัณชพร จุลอักษร
รายการนี้ยังไม่มีแท็ก
คุณยังไม่ได้ล็อกอิน คุณสามารถมีกิจกรรมร่วมกับเว็บไซต์ได้ แต่ต้องล็อกอินก่อน ::
  ล็อกอิน

รายการสื่อสารสนเทศ

ลำดับที่ ประเภท เลขเรียก/บาร์โค้ด สถานที่ สถานะ
1. วิทยาศาสตร์การแพทย์ และสุขภาพ
วิทยาศาสตร์การแพทย์ และสุขภาพ
นว ณ44พ ฉ.1 
  Barcode: 29196
ห้องสมุดวิทยาเขตนครสวรรค์
►นวนิยาย:l:Fiction
บนชั้น

รายการใกล้เคียง
    ผู้แต่ง [ณรียา.]

    หัวเรื่อง [นวนิยาย]

BibComment


ยังไม่เคยถูกคอมเมนท์

คอมเมนท์ทรัพยากรรายการนี้
  คอมเมนท์: เพ็ญนทีธาร MOON..


 Copyright 2026. Bcnsprnw @Library